01058nam a22002415i 4500001000700000003000900007005001700016008004100033080002100074100002700095245003500122260012600157300007500283490005800358500001400416504002700430546008000457600003700537830006600574852003500640999001900675952012200694177721ES-MaACL20230930132752.0110414s1948 be f |||| | fre d a75 Delvaux, Paul1 aSpaak, Claude.914618910aPaul Delvaux / cClaude Spaak. aAnvers ; Bruxelles : bDe Sikkel, pour le Ministere de l'Instruction Publique, les editions du Cercle d'Art, ccop. 1948. a16, [26] p. de lám. bl. y n. , [2] h. de lám. col. y n. ; c25 cm.1 aMonographies de l'art belge. Deuxième Série ; v6 aÍndice. aBibliografía: p. 15. aTexto en francés, leyenda de las ilustraciones en francés y holandés.04aDelvaux, Paul,d1897-19949436040 aMonographies de l'art belge. Deuxième Série ; v69190568 aES-MaACLjE-14911 xOlim P-972 c177721d177721 00104070aATENEOMbATENEOMcDEPO2d2011-04-14eSCl0oE-14911p1186672r2023-02-23 00:00:00w2023-02-23yMONOGRAFIA